000 00265nam a22000977a 4500
999 _c521503
_d521503
082 _aTNC BA27x54 M88s
100 _aMukherji, Anindita
_935375
245 _aSocio-Economic Backwardness In Women
_cAnindita Mukherji
260 _aNew delhi
_bAshish
_c1987
300 _a67p.